000 00693nam a2200289Ia 4500
005 20260324124449.0
008 008 260324s9999 xx 000 0 eng d
020 _a9780203853160
037 _aEBOOK
040 _aCRL
040 _beng
040 _cCRL
041 _2eng
041 _aeng
084 _qCRL
100 _aD.W. Livingstone
_91174254
245 0 _aLifelong Learning in Paid and Unpaid Work
245 0 _bSurvey and Case Study Findings
260 _bTaylor and Francis
260 _c2010
365 _a
365 _b265
856 _uhttp://www.taylorfrancis.com/books/9780203853160
942 _cEBOOK
999 _c1768644
_d1768644